000 01011nmm a2200313 a 4500
001 ocm0002015720
003 TR-IsHL
005 20201028180427.0
008 181213s2015 tu tur
007 cr cn
020 _a9789944611701
035 _a2015720
_b(N$T)
050 0 4 _aPT2668.A56
_bE5419 2015
090 0 4 _aPT2668.A56
_bE5419 2015
100 1 _aHanika, Iris
245 1 0 _aAslolan
_h[electronic resource] /
_cIris Hanika ; çeviren Regaip Minareci; editör Ayşegül Çakan
250 _a1. Basım
260 _aİstanbul :
_bTekin Yayınevi,
_c2015
300 _a159 p.
500 _aÖzgün adı : Das Eigentliche
650 4 _aDil ve Edebiyat
650 4 _aLanguage and Literature
650 0 _aAlman romanı
650 0 _aGerman fiction
650 7 _aLITERARY COLLECTIONS / European / German
_2bisacsh
700 1 _aMinareci, Regaip
700 1 _aÇakan, Ayşegül
856 4 0 _uhttp://search.ebscohost.com/login.aspx?direct=true&scope=site&db=e011xww&AN=2015720
999 _c19136
_d19136